000 00653nam a2200205Ia 4500
003 GCL
008 140319s9999 xx 000 0 ara d
040 _aGCL /
_cGCL
082 0 4 _a611.3
_bا ج
100 1 _aابوشادى الروبى
245 1 0 _aالجهاز الهضمى: امراضة والوقاية منها /
_cابوشادى الروبى
260 _a[S.N] :
_bمركز الاهرام للترجمة والنشر ،
_c1991
300 _a148 ص
490 _aسلسلة اعرف صحتك
_v0
650 0 4 _aفسيولوجيا
650 0 4 _aامراض
650 0 4 _aالجهاز الهضمى
650 0 4 _aالهضم
942 _2ddc
_cBK
999 _c33161
_d33161